| 000 | 00507nam a2200181 i 4500 | ||
|---|---|---|---|
| 001 | 88762 | ||
| 003 | ES-MaACL | ||
| 005 | 20250813014532.0 | ||
| 007 | t| | ||
| 008 | 041215s1964 sz ||||1| fre d | ||
| 080 | _a821.133.1-31"17" | ||
| 100 | 1 |
_aDiderot, Denis, _d1713-1784 _944511 |
|
| 245 | 1 | 4 | _aLes oeuvres romanesques de Diderot. |
| 260 |
_aGenéve : _bEdito-Service, _c[1964] |
||
| 300 |
_a2 v. : _bil. ; _c20 cm. |
||
| 852 |
_aES-MaACL _jE-10601-02 _bR.134825 |
||
| 999 |
_c88762 _d88762 |
||